| 000 | 00836nam a2200241 i 4500 | ||
|---|---|---|---|
| 001 | bg | ||
| 100 | 1 | _aKMIEĆ, Stanisław | |
| 245 | 1 | 0 |
_aKształcenie pedagogiczne w uczelni technicznej / _cStanisław Kmieć. |
| 260 |
_aRzeszów : _bOficyna Wydawnicza Politechniki Rzeszowskiej, _c1999. |
||
| 300 |
_a250 s. : _bil. kolor. ; _c24 cm. |
||
| 500 | _aStreszcz. ang., niem., ros. | ||
| 504 | _aBibliogr. | ||
| 650 | 9 |
_aPedagogika _xszkolnictwo wyższe _xnauczanie _zPolska _yod 1944 r. |
|
| 650 | 9 |
_aTechnika _xszkolnictwo wyższe _xnauczanie _zPolska _yod 1944 r. |
|
| 651 | 9 |
_aRzeszów (woj. podkarpackie) _xPolitechnika |
|
| 020 | _a8371991193 | ||
| 040 | _cBPK | ||
| 041 | 0 |
_apl _benderu |
|
| 080 | _a378.662:372.862+372.837](438)"1944/..." | ||
| 920 | _a83-7199-119-3 | ||
| 942 | _cKS | ||
| 008 | s pl f |000 0 pol | ||
| 999 |
_c37010 _d37010 |
||
| 856 |
_uhttp://koha.tu.koszalin.pl/cgi-bin/koha/opac-detail.pl?biblionumber=37010 _yKatalog online BPK |
||